« Retourner aux résultats de recherche
guide de toutes les formalités (Le)
2026
| Corporate Author: | Editions Prat |
|---|---|
| D'autres auteurs: | Sylvie Peylaboud-Seigneur Catherine Doleux-Janat Eric Giraud |
| Support: | Livres |
| Langue: | Francais |
| Genre: |
Documentaire |
| Sujets: | |
| Étiquettes: |
Ajouter
Pas de Tags !
|
| LEADER | 01122nam0a2200241 450 | ||
|---|---|---|---|
| 001 | 16847947 | ||
| 010 | |a 978-2-8095-2029-3 |b br. |d 29,9 | ||
| 100 | |a 20250729d2025 u u0frey01 ba | ||
| 101 | 0 | |a fre | |
| 102 | |a FR | ||
| 200 | 0 | |a guide de toutes les formalités (Le) |e 2026 |f par l'équipe des Editions Prat |g avec la collaboration de Sylvie Peylaboud, Catherine Doleux, Eric Giraud | |
| 205 | |a Nouvelle édition | ||
| 207 | 1 | |a | |
| 215 | |a 1 vol. |d 21 x 14 cm | ||
| 300 | |a Index | ||
| 330 | |a Des renseignements pratiques pour effectuer diverses démarches administratives sont recensés. De nombreuses informations sont délivrées pour comprendre l'administration publique et régler les formalités de la vie quotidienne : scolarité, Sécurité sociale, impôts, transports, entre autres. | ||
| 702 | 0 | |a Peylaboud-Seigneur |b Sylvie |4 205 | |
| 702 | 0 | |a Doleux-Janat |b Catherine |4 205 | |
| 702 | 0 | |a Giraud |b Eric |4 205 | |
| 710 | 0 | 2 | |a Editions Prat |4 70 |
| 900 | |a Documentaire | ||
| 901 | |a Accessible au prêt | ||
| 995 | |a Bibliothèque |c Bibliothèque |f 00156011599719 |h 00156011599719 |k 346.01 EDI |o p |q a |r az |e Bibliothèque | ||
